| 000 | 00652nam a2200205Ia 4500 | ||
|---|---|---|---|
| 003 | Ost | ||
| 005 | 20260507075137.0 | ||
| 008 | 260507s9999||||xx |||||||||||||| ||und|| | ||
| 040 | _cfsecg | ||
| 041 | _aara | ||
| 082 | _a330 | ||
| 100 |
_aلطفى، امين السيد احمد _eمؤلف |
||
| 245 | 0 |
_aنظرية المحاسبة : _bمنظور التوافق الدولي / _c امين السيد احمد لطفى |
|
| 260 |
_aالاسكندرية: _bالدار الجامعية, _c2006 |
||
| 300 | _a643 صفحة؛ | ||
| 653 | _aتوافق دولي | ||
| 653 | _aمحاسبة | ||
| 653 | _aنظرية المحاسبة | ||
| 942 | _cكتاب | ||
| 999 |
_c43278 _d43278 |
||